00484nam a2200193 a 4500001001300000003000900013005001700022008004100039020001000080082001600090100001600106245004100122260003900163300000900202500003500211505001000246650001800256700001600274nice12345678IN_TiNIC20260116011455.0050524s1877 lona grp 000 0 ara  ac10000a892.71bPAL aPalmer, E H aPoetical Works of Beha-Ed-Din Zoheir aLondonbCambridge Universityc1877 a339p aincludes index and biblioraphy2 aIllus aArabic-Poetry1 aPalmer, E H